| 000 | 01066nam a2200289 4500 | ||
|---|---|---|---|
| 001 | 18971 | ||
| 003 | ES-MaACL | ||
| 005 | 20250808011138.0 | ||
| 007 | t| | ||
| 008 | 020218s2001 sp a |||| | spa j | ||
| 020 | _a84-922683-3-6 | ||
| 080 | _a821.134.2.09"19" | ||
| 100 | 0 |
_aBarreiro, Javier, _d1953- _925892 |
|
| 245 | 1 | 0 |
_aCruces de bohemia _b: Vidal y Planas, Noel, Retana, Gálvez, Dicenta y Barrantes / _cJavier Barreiro ; [ilustraciones, Luis Ángel Blasco y Alberto Albericio, sobre el archivo del autor]. |
| 260 |
_aZaragoza : _bUnaLuna, _c[2001] |
||
| 300 |
_a212 p : _bil ; _c20 cm. |
||
| 490 | 1 |
_aColección Villa Dionysos ; _v1 |
|
| 504 | _aBibliografía. | ||
| 650 | 4 |
_aLiteratura española- _yS.XX- _xHistoria y crítica. _9141686 |
|
| 650 | 4 |
_aEscritores españoles- _yS.XX. _912391 |
|
| 650 | 7 |
_aVida bohemia _2embne _917789 |
|
| 700 | 1 |
_aBlasco, Luis Angel. _929372 |
|
| 700 | 1 |
_aAlbericio, Alberto. _919285 |
|
| 830 | 0 |
_aColección Villa Dionysos ; _v1 _9228847 |
|
| 852 |
_aES-MaACL _jL-25436 |
||
| 999 |
_c18971 _d18971 |
||